| 000 | 00435nam a2200133 a 4500 | ||
|---|---|---|---|
| 001 | 000045066 | ||
| 005 | 20201002045841.0 | ||
| 008 | 150130s19uu dr 000 0 spa d | ||
| 040 |
_aDO-SdBNP _bspa _cBNPHU |
||
| 110 | 1 |
_aInstituto Dominicano de Seguros Sociales _937115 |
|
| 245 | 1 | 0 | _aProyecto de Ley sobre seguridad social presentado al Senado de la República. |
| 260 |
_aSanto Domingo : _b[s.f], _c[s.f.]. |
||
| 300 |
_a63 p. ; _c21 cm. |
||
| 999 |
_c44555 _d44555 |
||